00657cam a22002051 450000100060000000300080000600500170001400800410003103500190007203500180009104000320010904100080014108200220014910000250017124501250019626000420032130000300036365000160039365000420040951926BD-RjUL20211209075730.0160904s1961 ilua 000 0 eng  a(BD-RjUL)52046 a(OCoLC)166524 aDLCcODaWUdOCoLCdDLCbeng aeng a519.53bDUS 1961 1 aDuncan, Otis Dudley.10aStatistical geography :bproblems in analyzing areal data / cby Otis Dudley Duncan, Ray P. Cuzzort, and Beverly Duncan. aGlencoe, Ill. :bFree Press, c[1961] a191 p. :bill. ; c24 cm. 0aStatistics. 0aSocial sciencesxMathematical models.